000 00666nam a2200277Ia 4500
005 20260324142914.0
008 008 260324s9999 xx 000 0 eng d
020 _a9781315024653
037 _aEBOOK
040 _aCRL
040 _beng
040 _cCRL
041 _2eng
041 _aeng
084 _qCRL
100 _aC.W.N. Miles; Professor C W N Miles; W. Seabrooke
_91213671
245 0 _aRecreational Land Management
260 _bTaylor and Francis
260 _c1993
365 _a
365 _b205
856 _uhttp://www.taylorfrancis.com/books/9781315024653
942 _cEBOOK
999 _c1818432
_d1818432